000 00438nam a2200157Ia 4500
008 240729s9999 xx 000 0 und d
022 _a2375-3668
245 0 _aOccasional Paper Series
260 _aUnited States
260 _bBank Street College of Education
650 _a Special aspects of education
650 _aEducation
856 _uhttps://doaj.org/toc/c4f460585b684463971d6823fcec8ce3
942 _2ddc
942 _cDOAJEJ
999 _c74671
_d74671
945 _a1
_bMadushi Gamage
_c1
_dMadushi Gamage